000 00950nam a2200205 4500
001 684
005 20230410123922.0
008 060907n1994 dr spa
020 _a9681643429
035 _9funglode688
041 _aES
050 1 4 _aLA 428 M521e 1994
100 _aMelgar Adalid, Mario
245 1 _aEducación superior :
_bpropuesta de modernización /
_cMario Melgar Adalid
260 _aMéxico :
_bFondo de Cultura Económica,
_c1994
300 _a281 p. / 21 cm.
440 _aUna visión de la modernización de México
520 _aReseña histórica de la educación en México, 11. -- Marco normativo, 63. -- Significación política y social de la educación superior, 89. -- La UNAM como modelo de las universidades públicas mexicanas, 115. -- La necesidad de un diagnóstico de la educación superior, 141. -- La propuesta gubernamental, 161. -- Hacia la universidad del siglo XXI, 191
942 _2lcc
_cbk
999 _c68189
_d68189